London Underground - ends of the lines - Statistics

General Stats
  • This quiz has been taken 63 times
  • The average score is 22 of 29
Answer Stats
Station name % Correct
Waterloo
88%
Bank
87%
Brixton
87%
Cockfosters
87%
Hammersmith
87%
Epping
85%
Uxbridge
83%
Edgware
81%
Amersham
79%
Walthamstow Central
79%
Ealing Broadway
77%
Morden
77%
Aldgate
75%
Chesham
75%
Elephant & Castle
75%
Heathrow Terminal 5
75%
High Barnet
75%
Upminster
75%
Richmond
73%
Stratford
73%
West Ruislip
73%
Watford
71%
Barking
67%
Harrow & Wealdstone
67%
Wimbledon
67%
Mill Hill East
62%
Edgware Road
56%
Battersea Power Station
54%
Kensington Olympia
48%
No matching quizzes found
Score Distribution
Percent of People with Each Score
Percentile by Number Answered
Your Score History
You have not taken this quiz